| 000 | 00599nam a2200193Ia 4500 | ||
|---|---|---|---|
| 008 | 151119s9999||||xx |||||||||||||| ||und|| | ||
| 082 | _a920.054 | ||
| 082 | _bGKKV28827 | ||
| 100 | _a"जाधव, नरेंद्र" | ||
| 245 | _aआमचा बाप आणि आम्ही | ||
| 260 | _a-- | ||
| 260 | _b-- | ||
| 260 | _c2007 | ||
| 600 | _a"जाधव, नरेंद्र" | ||
| 630 | _aआमचा बाप आणि आम्ही | ||
| 700 | _a"जाधव, नरेंद्र" | ||
| 730 | _aआमचा बाप आणि आम्ही | ||
| 942 | _cBOOK | ||
| 999 |
_c1081204 _d1081201 |
||